Tennis Clubs and Racquet sport Projects : a guide to appraisal, market analysis, development and financing

Bibliographic Details
Main Author: Gimmy, Arthur E.
Format: Book
Published: Michigan Avenue : American Institute of Real Estate Appraisers , 1980

MARC

LEADER 00000cam a2200000 7i4500
001 0000003739
005 20050505.0
020 |a 0911780459 
040 |a INS 
090 0 0 |a HD1387   |b G55 1980 
100 1 |a Gimmy, Arthur E. 
245 1 0 |a Tennis Clubs and Racquet sport Projects :   |b a guide to appraisal, market analysis, development and financing   |c Arthur E. Gimmy 
260 |a Michigan Avenue :   |b American Institute of Real Estate Appraisers ,   |c 1980 
300 |a iii, 94p. :   |b ill ;   |c 24 cm. 
999 |a 0000001698   |b BOOK   |c Open Shelf   |e Default branch